CONTRIBUTION OF MOISTURE CONTENT INFLUENCE ON THE HOT PRESSING OF PARTICLEBOARD

Bibliographic Details
Main Author: Perlác, Ján, 1929-2006 (Author)
Format: Article
Language:English

MARC

LEADER 00000nab a2200000uu 4500
001 vtls010886973
003 SK-MaSNL
005 20260303225156.0
008 230218|1975 xo |||||||||||||||||eng|
015 |a SNBRB 
035 |a (urnnbn)urn:nbn:sk:snk:ar-003evg 
035 |a (uuid)e5256de5-858b-4637-a8b6-55ebe8b6fc28 
035 |a urn:nbn:sk:snk-ab8hs5 
040 |a SNKBUCL  |b slo  |c SNKBUCL  |e AACR2 
041 0 |a eng 
044 |a xo  |c SK 
100 1 |a Perlác, Ján,  |d 1929-2006  |4 aut  |9 242095 
245 1 0 |a CONTRIBUTION OF MOISTURE CONTENT INFLUENCE ON THE HOT PRESSING OF PARTICLEBOARD  |c Ján Perlác 
773 0 |t Drevársky výskum : sborník prác z odboru výskumu dreva  |g Roč. 20, č. 2-3 (1975), s. 123-135 
958 |a OND 
958 |a EUIPO 
958 |a article10 
999 |c 2256021  |d 2257951